[Event "Miedzynarodowe Szachowe Lato w Poznaniu "]
[Site "Wyzsza Szkola Umiejetnosci Spo"]
[Date "2012.??.??"]
[Round "7.1"]
[White "Malaniuk, Vladimir"]
[Black "Plichta, Kamil"]
[Result "1-0"]
[WhiteElo "2508"]
[BlackElo "2189"]
[PlyCount "65"]
[EventDate "2012.??.??"]

1. d4 Nf6 2. Nf3 g6 3. c4 Bg7 4. g3 O-O 5. Bg2 d6 6. O-O Nc6 7. Nc3 a6 8. h3
Bd7 9. e4 e5 10. dxe5 Nxe5 11. c5 Nxf3+ 12. Qxf3 dxc5 13. Rd1 Qe7 14. e5 Qxe5
15. Qxb7 Qh5 16. g4 Bxg4 17. hxg4 Nxg4 18. Qf3 Bd4 19. Rxd4 cxd4 20. Nd5 Rad8
21. Bf4 c5 22. b3 Rfe8 23. Qxg4 Rxd5 24. Qg3 Red8 25. Bg5 Qe2 26. Bxd8 Qb2 27.
Rd1 Rxd8 28. Qc7 Re8 29. Bd5 Rf8 30. Qxc5 Qxa2 31. Qxd4 a5 32. Qf6 Qa3 33. Bc4
1-0

[Event "Miedzynarodowe Szachowe Lato w Poznaniu "]
[Site "Wyzsza Szkola Umiejetnosci Spo"]
[Date "2012.??.??"]
[Round "7.2"]
[White "Zakrzewski, Marek"]
[Black "Meczynski, Waldemar"]
[Result "1/2-1/2"]
[WhiteElo "2112"]
[BlackElo "2153"]
[PlyCount "66"]
[EventDate "2012.??.??"]

1. e4 c5 2. Nf3 e6 3. d4 cxd4 4. Nxd4 Nf6 5. Nc3 Nc6 6. Ndb5 d6 7. Bf4 e5 8.
Bg5 a6 9. Na3 b5 10. Bxf6 gxf6 11. Nd5 Bg7 12. c3 O-O 13. Nc2 f5 14. exf5 Bxf5
15. Nce3 Be6 16. Bd3 f5 17. O-O Rb8 18. a4 Ne7 19. Nxe7+ Qxe7 20. axb5 axb5 21.
Ra5 b4 22. Bc4 bxc3 23. bxc3 e4 24. Rxf5 Bxc4 25. Rxf8+ Rxf8 26. Nxc4 Qe6 27.
Ne3 Bxc3 28. Qh5 Bd4 29. Rd1 Bc5 30. Rd2 Kh8 31. h3 Qf6 32. Qd5 Qf4 33. Qb3 Qe5
1/2-1/2

[Event "Miedzynarodowe Szachowe Lato w Poznaniu "]
[Site "Wyzsza Szkola Umiejetnosci Spo"]
[Date "2012.??.??"]
[Round "7.3"]
[White "Bajerlein, Dawid"]
[Black "Rozumek, Krzysztof"]
[Result "1-0"]
[WhiteElo "2048"]
[BlackElo "1945"]
[PlyCount "69"]
[EventDate "2012.??.??"]

1. d4 Nf6 2. c4 e5 3. dxe5 Ng4 4. Bf4 g5 5. Bg3 Bg7 6. Nf3 Nc6 7. Nc3 Ngxe5 8.
Nxe5 Nxe5 9. e3 d6 10. Be2 g4 11. Bxe5 Bxe5 12. Bxg4 Bxc3+ 13. bxc3 Qf6 14. Rc1
Rg8 15. Bf3 h5 16. Qd4 Qg6 17. c5 Ke7 18. cxd6+ cxd6 19. O-O Be6 20. Rfd1 Rad8
21. Qxa7 Rd7 22. Qd4 Bxa2 23. Qh4+ f6 24. Qxh5 Qg7 25. c4 Bb3 26. Rd4 Rh8 27.
Re4+ Kd8 28. Qa5+ Kc8 29. Qa3 f5 30. Rd4 Qh6 31. h3 Rg7 32. Kf1 Kb8 33. Qxb3
Qg6 34. Rb1 Rh4 35. Qb6 1-0

[Event "Miedzynarodowe Szachowe Lato w Poznaniu "]
[Site "Wyzsza Szkola Umiejetnosci Spo"]
[Date "2012.??.20"]
[Round "7.4"]
[White "Dzwikowski, Adam"]
[Black "Choroszej, Aleksander"]
[Result "0-1"]
[WhiteElo "2008"]
[BlackElo "2085"]
[PlyCount "46"]
[EventDate "2012.??.??"]

1. Nf3 g6 2. g3 Bg7 3. Bg2 d6 4. d4 Nf6 5. O-O O-O 6. c4 Nbd7 7. Qc2 e5 8. Rd1
exd4 9. Nxd4 a5 10. Nc3 Nc5 11. b3 Re8 12. Bb2 Qe7 13. h3 h5 14. Bc1 Nfe4 15.
Bxe4 Nxe4 16. Nd5 Qd8 17. c5 c6 18. Nb6 dxc5 19. Nxa8 cxd4 20. Bf4 Bf5 21. g4
hxg4 22. hxg4 Qh4 23. gxf5 Qxf4 0-1

[Event "Miedzynarodowe Szachowe Lato w Poznaniu "]
[Site "Wyzsza Szkola Umiejetnosci Spo"]
[Date "2012.??.??"]
[Round "7.5"]
[White "Bednarska-bzdega, Malgorzata"]
[Black "Gajzner, Ryszard"]
[Result "1-0"]
[WhiteElo "2138"]
[BlackElo "1738"]
[PlyCount "163"]
[EventDate "2012.??.??"]

1. e4 e6 2. d4 d5 3. Nc3 Nf6 4. Bg5 Bb4 5. e5 h6 6. Bd2 Bxc3 7. bxc3 Ne4 8. Qg4
Kf8 9. Bd3 Nxd2 10. Kxd2 c5 11. h4 c4 12. Be2 Nc6 13. Rh3 b5 14. Rg3 Rg8 15.
Nh3 Ne7 16. Rf3 Nf5 17. Nf4 Ke8 18. g3 Qa5 19. Nh5 Ke7 20. a3 Bd7 21. Rf4 Rab8
22. Qf3 Be8 23. Qh1 Kf8 24. g4 Ne7 25. Ng3 Ng6 26. Rf3 Qd8 27. h5 Qg5+ 28. Re3
Nh8 29. Qf1 Bd7 30. f4 Qh4 31. Qf3 g6 32. f5 gxf5 33. gxf5 exf5 34. Qxd5 f4 35.
Rf3 fxg3 36. Qxd7 Qg5+ 37. Ke1 g2 38. Qd6+ Kg7 39. Qf6+ Kh7 40. Qxg5 Rxg5 41.
Kf2 Rbg8 42. Rg1 Rxh5 43. Rxg2 Rxg2+ 44. Kxg2 Rg5+ 45. Kf2 Kg7 46. Rg3 Ng6 47.
Rxg5 hxg5 48. Bf3 Ne7 49. Bb7 Kg6 50. d5 Nxd5 51. Bxd5 Kf5 52. Bxf7 Kxe5 53.
Kf3 Kd6 54. Kg4 Kc6 55. Kxg5 Kb6 56. Kf4 Ka5 57. Ke3 Ka4 58. Kd2 Kxa3 59. Kc1
Ka2 60. Bd5 Ka3 61. Bc6 Ka4 62. Kd2 a6 63. Bb7 Ka5 64. Ke3 Kb6 65. Bd5 Kc5 66.
Be6 Kb6 67. Kd2 Kc5 68. Kc1 a5 69. Kb2 Kd6 70. Bf7 Ke7 71. Bxc4 bxc4 72. Ka3
Kd6 73. Ka4 Kc6 74. Kxa5 Kc5 75. Ka4 Kc6 76. Kb4 Kb6 77. Kxc4 Kc6 78. Kd4 Kd6
79. c4 Kc6 80. c5 Kc7 81. Kd5 Kd7 82. c6+ 1-0

[Event "Miedzynarodowe Szachowe Lato w Poznaniu "]
[Site "Wyzsza Szkola Umiejetnosci Spo"]
[Date "2012.??.??"]
[Round "7.6"]
[White "Kozlowska, Marzena"]
[Black "Andrzejewska, Anna"]
[Result "0-1"]
[WhiteElo "1920"]
[BlackElo "1980"]
[PlyCount "72"]
[EventDate "2012.??.??"]

1. e4 e5 2. Nf3 Nc6 3. d4 exd4 4. Bc4 Nf6 5. e5 d5 6. Bb5 Ne4 7. Nxd4 Bd7 8.
Nxc6 bxc6 9. Bd3 Nc5 10. O-O Be7 11. Be3 O-O 12. f4 Nxd3 13. Qxd3 f6 14. Nd2
fxe5 15. fxe5 Qe8 16. Rxf8+ Bxf8 17. Nf3 h6 18. Rf1 Bg4 19. Bf4 Rb8 20. b3 Rb4
21. Bg3 Bc5+ 22. Kh1 Re4 23. c3 Re3 24. Qd2 Qh5 25. b4 Bb6 26. Nh4 g5 27. Nf5
Bxf5 28. Qf2 Rxe5 29. Qf3 Qxf3 30. Rxf3 g4 31. Rf1 Bd3 32. Rd1 Be2 33. Re1 Re4
34. a4 a5 35. bxa5 Bxa5 36. Rb1 Rxa4 0-1

[Event "Miedzynarodowe Szachowe Lato w Poznaniu "]
[Site "Wyzsza Szkola Umiejetnosci Spo"]
[Date "2012.??.20"]
[Round "7.7"]
[White "Szczepaniak, Artur"]
[Black "Hemmerling, Jaroslaw"]
[Result "1/2-1/2"]
[WhiteElo "1641"]
[BlackElo "1964"]
[PlyCount "79"]
[EventDate "2012.??.??"]

1. d4 d5 2. c4 e6 3. Nc3 Nf6 4. Bg5 c6 5. Nf3 Nbd7 6. e3 Qa5 7. cxd5 Nxd5 8.
Qb3 Bb4 9. Rc1 c5 10. a3 Bxc3+ 11. bxc3 cxd4 12. exd4 O-O 13. Be2 h6 14. Bd2
Qc7 15. O-O b6 16. c4 Nf4 17. Bd1 Bb7 18. Qe3 Ng6 19. Bb3 Nf6 20. Ne5 Nh4 21.
f3 Nf5 22. Qf2 Rfd8 23. Bc3 Qd6 24. c5 bxc5 25. dxc5 Qa6 26. c6 Bc8 27. Bb4 Qb5
28. Qc5 Ba6 29. Qxb5 Bxb5 30. Rfd1 Rxd1+ 31. Rxd1 Rc8 32. Rc1 Nd4 33. Rc5 Nxc6
34. Nxc6 Rxc6 35. Ba4 Ra6 36. Bd1 g6 37. Kf2 Rc6 38. Ba4 Ra6 39. Bd1 Rc6 40.
Ba4 1/2-1/2

[Event "Miedzynarodowe Szachowe Lato w Poznaniu "]
[Site "Wyzsza Szkola Umiejetnosci Spo"]
[Date "2012.??.??"]
[Round "7.8"]
[White "Stachowiak, Slawomir"]
[Black "Kupsik, Joanna"]
[Result "1-0"]
[WhiteElo "2026"]
[BlackElo "1683"]
[PlyCount "63"]
[EventDate "2012.??.??"]

1. e4 e5 2. Nf3 d6 3. d4 exd4 4. Nxd4 Nf6 5. Nc3 Be7 6. Bd3 Nbd7 7. Nf5 O-O 8.
O-O Nc5 9. Nxe7+ Qxe7 10. Qf3 h6 11. Bf4 Re8 12. h3 Bd7 13. b4 Ncxe4 14. Rfe1
d5 15. Nxd5 Nxd5 16. Bxe4 Qxb4 17. a3 Qa5 18. Red1 Nc3 19. Bd2 Ne2+ 20. Qxe2
Qe5 21. Be3 Bxh3 22. Bf3 Bf5 23. Rab1 Be4 24. Bxe4 Qxe4 25. Rb4 Qc6 26. Qc4
Qxc4 27. Rxc4 c6 28. Rd7 b5 29. Rxc6 a6 30. Rcc7 Rf8 31. Bc5 Rfc8 32. Rxf7 1-0

[Event "Miedzynarodowe Szachowe Lato w Poznaniu "]
[Site "Wyzsza Szkola Umiejetnosci Spo"]
[Date "2012.??.20"]
[Round "7.9"]
[White "Kaluzny, Wlodzimierz"]
[Black "Kaczmarek, Piotr"]
[Result "1-0"]
[WhiteElo "2006"]
[BlackElo "1832"]
[PlyCount "115"]
[EventDate "2012.??.??"]

1. d4 g6 2. Nf3 Bg7 3. Bf4 d6 4. e3 Nd7 5. h3 e5 6. Bg5 f6 7. Bh4 Nh6 8. Bg3
Qe7 9. Be2 O-O 10. Nc3 c6 11. Qd2 e4 12. Ng1 d5 13. Bf1 Nf5 14. Bh2 Nd6 15.
O-O-O a5 16. f3 f5 17. Bxd6 Qxd6 18. f4 b5 19. g4 Nb6 20. gxf5 Bxf5 21. h4 b4
22. Nb1 Nc4 23. Bxc4 dxc4 24. Ne2 Bg4 25. Rhg1 h5 26. Rde1 Rad8 27. c3 Qe7 28.
Ng3 c5 29. Qc2 cxd4 30. cxd4 c3 31. bxc3 bxc3 32. Qxe4 Qb4 33. Qc2 a4 34. Rg2
Rb8 35. a3 Qa5 36. Ne2 Rfc8 37. Reg1 Rb2 38. Qxg6 c2 39. Kxb2 Qb5+ 40. Ka1 Qb3
41. Rxg4 hxg4 42. Rc1 cxb1=Q+ 43. Qxb1 Qxa3+ 44. Qa2+ Qxa2+ 45. Kxa2 Rxc1 46.
Nxc1 Bf8 47. Ne2 Be7 48. d5 Bxh4 49. Ka3 Bf2 50. e4 g3 51. Kxa4 g2 52. Kb5 Kf7
53. Kc6 g1=Q 54. Nxg1 Bxg1 55. Kd7 Bd4 56. e5 Kf8 57. e6 Bf6 58. d6 1-0

[Event "Miedzynarodowe Szachowe Lato w Poznaniu "]
[Site "Wyzsza Szkola Umiejetnosci Spo"]
[Date "2012.??.20"]
[Round "7.10"]
[White "Chojnacki, Tomasz"]
[Black "Gospodarczyk, Roman"]
[Result "0-1"]
[WhiteElo "1889"]
[BlackElo "1951"]
[PlyCount "86"]
[EventDate "2012.??.??"]

1. e4 e6 2. d4 d5 3. Nd2 Nf6 4. e5 Nfd7 5. Bd3 c5 6. c3 Nc6 7. Ne2 cxd4 8. cxd4
f6 9. exf6 Nxf6 10. O-O Bd6 11. Nf3 O-O 12. Bf4 Bxf4 13. Nxf4 Ne4 14. Nh5 g6
15. Ng3 Nxg3 16. hxg3 Qb6 17. Bc2 Qxb2 18. Bxg6 hxg6 19. Qd3 Kg7 20. Rfb1 Rxf3
21. Qxf3 Qxd4 22. Re1 Bd7 23. Rad1 Rf8 24. Qe2 Qf6 25. f4 Na5 26. Qe3 b6 27.
Qa3 Rf7 28. Qb4 Nc4 29. Re2 a5 30. Qb3 b5 31. Rf2 b4 32. g4 Qc3 33. f5 Qxb3 34.
axb3 Na3 35. Rd4 Nb5 36. fxe6 Bxe6 37. Rdd2 Rxf2 38. Kxf2 d4 39. Ra2 Na3 40.
Rd2 Bxb3 41. Rxd4 Bf7 42. Rd7 b3 43. Rb7 Nc2 0-1

[Event "Miedzynarodowe Szachowe Lato w Poznaniu "]
[Site "Wyzsza Szkola Umiejetnosci Spo"]
[Date "2012.??.20"]
[Round "7.11"]
[White "Glatty, Zbigniew"]
[Black "Trzeciakiewicz, Michal"]
[Result "1-0"]
[WhiteElo "1929"]
[BlackElo "1498"]
[PlyCount "109"]
[EventDate "2012.??.??"]

1. d4 Nf6 2. Nf3 e6 3. c4 Bb4+ 4. Nc3 O-O 5. Qc2 b6 6. a3 Bxc3+ 7. Qxc3 Bb7 8.
g3 d6 9. Bg2 c5 10. O-O Nc6 11. Rd1 Qe7 12. d5 exd5 13. cxd5 Na5 14. Bg5 Rfe8
15. Bxf6 Qxf6 16. Qxf6 gxf6 17. e3 Nc4 18. b3 Ne5 19. Nd2 f5 20. Rac1 Ba6 21.
Bf1 Bxf1 22. Kxf1 b5 23. Ke2 a5 24. h3 a4 25. Rb1 Reb8 26. f4 Nd7 27. b4 Kg7
28. e4 cxb4 29. Rxb4 Nf6 30. Kd3 fxe4+ 31. Nxe4 Nxd5 32. Rd4 Nc7 33. Nxd6 Ne6
34. Rb4 Rd8 35. Ke3 Nc7 36. Rd3 Kf8 37. Ke2 Rab8 38. f5 Rb6 39. Rbd4 Na6 40.
Ne4 Re8 41. Kd2 Rc6 42. g4 Nc5 43. Nxc5 Rxc5 44. Rd5 Rxd5 45. Rxd5 Rb8 46. f6
Ke8 47. Kc3 Rb6 48. g5 Re6 49. Rxb5 Re3+ 50. Kb4 Re4+ 51. Ka5 Rh4 52. Rb4 Rxh3
53. Kxa4 h6 54. Rb8+ Kd7 55. g6 1-0

[Event "Miedzynarodowe Szachowe Lato w Poznaniu "]
[Site "Wyzsza Szkola Umiejetnosci Spo"]
[Date "2012.??.20"]
[Round "7.12"]
[White "Orzech, Dominik"]
[Black "Wasiak, Stanislaw"]
[Result "1-0"]
[WhiteElo "2422"]
[BlackElo "1801"]
[PlyCount "67"]
[EventDate "2012.??.??"]

1. Nf3 Nf6 2. c4 c5 3. Nc3 g6 4. g3 Bg7 5. Bg2 O-O 6. d4 cxd4 7. Nxd4 Nc6 8.
O-O Nxd4 9. Qxd4 d6 10. Qd3 a6 11. Bd2 Qc7 12. Rae1 Be6 13. b3 Rae8 14. e4 Rc8
15. Rc1 Ng4 16. h3 Ne5 17. Qe2 Qd7 18. Nd5 Bxd5 19. exd5 Qf5 20. Rc3 Rcd8 21.
Re3 g5 22. Re4 Bf6 23. Qh5 Qg6 24. Qe2 h6 25. Kh1 Kh8 26. Bc3 Rc8 27. Qe3 Bg7
28. a4 Rc7 29. c5 Rd7 30. cxd6 exd6 31. f4 gxf4 32. gxf4 Rg8 33. fxe5 dxe5 34.
Rg4 1-0

[Event "Miedzynarodowe Szachowe Lato w Poznaniu "]
[Site "Wyzsza Szkola Umiejetnosci Spo"]
[Date "2012.??.20"]
[Round "7.13"]
[White "Kozlowski, Tomasz"]
[Black "Raczynski, Krzysztof"]
[Result "1-0"]
[WhiteElo "1967"]
[BlackElo "1588"]
[PlyCount "93"]
[EventDate "2012.??.??"]

1. e4 c5 2. Nc3 d6 3. f4 Nc6 4. Nf3 g6 5. Bb5 Bg7 6. Bxc6+ bxc6 7. Qe2 e6 8.
O-O Ne7 9. g4 f5 10. gxf5 exf5 11. e5 Be6 12. d4 cxd4 13. Nxd4 Bg8 14. Nf3 d5
15. Be3 Nc8 16. Na4 Nb6 17. Nc5 Qc8 18. Bd4 Nd7 19. Nxd7 Qxd7 20. e6 Bxd4+ 21.
Nxd4 Qd6 22. Qa6 Qc5 23. c3 Qb6 24. Qe2 c5 25. Qe5 cxd4 26. Qxh8 O-O-O 27. Qxd4
Bxe6 28. Qxb6 axb6 29. Rfe1 Rd6 30. Rad1 Kd7 31. Rd4 Rc6 32. Kf2 Kd6 33. h4 Bc8
34. Red1 Rc5 35. c4 Bb7 36. b4 Rc8 37. cxd5 Rc2+ 38. R1d2 Rxd2+ 39. Rxd2 Bxd5
40. a4 Ke6 41. a5 bxa5 42. bxa5 Bb7 43. Rb2 Be4 44. a6 Kf6 45. a7 Kg7 46. Rb8
Kh6 47. Kg3 1-0

[Event "Miedzynarodowe Szachowe Lato w Poznaniu "]
[Site "Wyzsza Szkola Umiejetnosci Spo"]
[Date "2012.??.??"]
[Round "7.14"]
[White "Leszczynski, Hubert"]
[Black "Nowak, Mikolaj"]
[Result "0-1"]
[WhiteElo "1846"]
[BlackElo "1572"]
[PlyCount "82"]
[EventDate "2012.??.??"]

1. e4 c6 2. d4 d5 3. exd5 cxd5 4. c4 Nf6 5. Nc3 Nc6 6. Nf3 Bg4 7. Be2 dxc4 8.
Qa4 e6 9. Ne5 Bxe2 10. Kxe2 Rc8 11. Be3 Qa5 12. Qxc4 Be7 13. Rhd1 O-O 14. Nxc6
Rxc6 15. Qa4 Qxa4 16. Nxa4 a6 17. Nc3 h6 18. Rd3 Rfc8 19. Rad1 Bb4 20. Bd2 Bxc3
21. Rxc3 Nd5 22. Rxc6 Rxc6 23. Kd3 Kf8 24. b4 b5 25. Re1 h5 26. h3 g6 27. g4
hxg4 28. hxg4 Ne7 29. Rh1 Rd6 30. Bg5 Nc6 31. Bf6 Ke8 32. a3 e5 33. Bg7 Rxd4+
34. Ke3 Rxg4 35. Rd1 Rc4 36. Bf6 Rc3+ 37. Ke4 Rxa3 38. Rd6 Rc3 39. Kd5 Nxb4+
40. Ke4 Rc8 41. Rb6 Kd7 0-1

[Event "Miedzynarodowe Szachowe Lato w Poznaniu "]
[Site "Wyzsza Szkola Umiejetnosci Spo"]
[Date "2012.??.20"]
[Round "7.17"]
[White "Adamczyk, Wieslaw"]
[Black "Zakrzewski, Bartosz"]
[Result "1/2-1/2"]
[WhiteElo "1605"]
[BlackElo "1545"]
[PlyCount "96"]
[EventDate "2012.??.??"]

1. e4 e6 2. d4 d5 3. Nd2 dxe4 4. Nxe4 Nd7 5. Nf3 Ngf6 6. Bd3 Nxe4 7. Bxe4 Nf6
8. Bd3 Be7 9. O-O O-O 10. c3 b6 11. Re1 h6 12. a4 c5 13. a5 a6 14. axb6 Qxb6
15. Qe2 Bb7 16. dxc5 Bxc5 17. b4 Be7 18. Nd4 Bxb4 19. Nxe6 Rfe8 20. cxb4 Rxe6
21. Qd2 Rxe1+ 22. Qxe1 Qd4 23. Ra3 Qd5 24. f3 Re8 25. Be4 Nxe4 26. Re3 Qd4 27.
fxe4 Rxe4 28. Qd2 Qxe3+ 29. Qxe3 Rxe3 30. Bxe3 f5 31. Kf2 Kf7 32. h4 Kg6 33.
Bd4 Kf7 34. g3 g5 35. hxg5 hxg5 36. Ke3 Kg6 37. Be5 Kh5 38. Bb8 Kg6 39. Be5 Kf7
40. Kd4 Ke6 41. Bb8 f4 42. gxf4 g4 43. Ke3 Kf5 44. Kf2 Bc6 45. Kg3 Bb5 46. Bd6
Bc6 47. Bf8 Bb5 48. Bc5 Bc6 1/2-1/2

[Event "Miedzynarodowe Szachowe Lato w Poznaniu "]
[Site "Wyzsza Szkola Umiejetnosci Spo"]
[Date "2012.??.??"]
[Round "7.18"]
[White "Hoffmann, Piotr"]
[Black "Szymanski, Leszek"]
[Result "1-0"]
[WhiteElo "1726"]
[BlackElo "1798"]
[PlyCount "63"]
[EventDate "2012.??.??"]

1. Nc3 e6 2. e4 c5 3. Nf3 Nc6 4. b3 d6 5. Bb2 Nf6 6. Be2 Be7 7. O-O a6 8. d4
cxd4 9. Nxd4 O-O 10. Nxc6 bxc6 11. Bf3 Qc7 12. Ne2 Bb7 13. Ng3 Rac8 14. Re1
Rfd8 15. Qe2 c5 16. Rad1 c4 17. Nh5 Nxh5 18. Bxh5 Qc5 19. Bd4 Qa5 20. f4 cxb3
21. axb3 d5 22. f5 dxe4 23. fxe6 fxe6 24. Bb2 Qc5+ 25. Kh1 Qxc2 26. Qg4 Bf8 27.
Qxe6+ Kh8 28. Rxd8 Rxd8 29. Bf6 Qf2 30. Bc3 e3 31. Qh3 Rc8 32. Bg6 1-0

[Event "Miedzynarodowe Szachowe Lato w Poznaniu "]
[Site "Wyzsza Szkola Umiejetnosci Spo"]
[Date "2012.??.20"]
[Round "7.20"]
[White "Opolski, Wojciech"]
[Black "Choremski, Slawomir"]
[Result "1-0"]
[WhiteElo "1682"]
[BlackElo "1467"]
[PlyCount "76"]
[EventDate "2012.??.??"]

1. d4 d5 2. c4 Nf6 3. cxd5 Qxd5 4. Nc3 Qd8 5. e4 e6 6. Nf3 h6 7. Bc4 c6 8. O-O
Be7 9. e5 Nd5 10. Ne4 Nd7 11. Qe2 O-O 12. a3 c5 13. dxc5 Nxc5 14. b4 Nxe4 15.
Qxe4 f5 16. exf6 Bxf6 17. Ne5 Bxe5 18. Qxe5 Rf5 19. Qd4 Qc7 20. g3 b6 21. Bd3
Rf7 22. Qe4 Qc3 23. Be3 Nxe3 24. fxe3 Bb7 25. Qh7+ Kf8 26. Rxf7+ Kxf7 27. Rf1+
Ke7 28. Qg6 Qe5 29. Rf7+ Kd6 30. Rxb7 Qxe3+ 31. Kg2 Rf8 32. Qe4 Qf2+ 33. Kh3
Rc8 34. Bb5 Qf5+ 35. Qxf5 exf5 36. Rxg7 a5 37. bxa5 bxa5 38. Rg6+ Kc5 1-0

[Event "Miedzynarodowe Szachowe Lato w Poznaniu "]
[Site "Wyzsza Szkola Umiejetnosci Spo"]
[Date "2012.??.??"]
[Round "7.21"]
[White "Pawlowski, Rafal"]
[Black "Wittig, Zenon"]
[Result "1-0"]
[WhiteElo "1507"]
[BlackElo "1590"]
[PlyCount "66"]
[EventDate "2012.??.??"]

1. d4 d5 2. c4 e6 3. e3 Nf6 4. Nf3 dxc4 5. Bxc4 a5 6. O-O b5 7. Be2 Bb7 8. Nc3
Be7 9. Qc2 O-O 10. Bd2 Nbd7 11. Rad1 Rc8 12. a3 c5 13. Ne5 cxd4 14. exd4 Nb6
15. Be3 Nbd5 16. Rd3 b4 17. Qb3 Nxe3 18. fxe3 Ne4 19. axb4 Nxc3 20. bxc3 Bd5
21. c4 Be4 22. Rc3 Rb8 23. c5 Qc8 24. Qa4 Qb7 25. Qxa5 Qxb4 26. Rfc1 Bd5 27.
Nd7 Ra8 28. Qb5 Qxb5 29. Bxb5 Rfd8 30. c6 Ra5 31. c7 Rc8 32. Nb6 Bb7 33. Nxc8
Bxc8 1-0

[Event "Miedzynarodowe Szachowe Lato w Poznaniu "]
[Site "Wyzsza Szkola Umiejetnosci Spo"]
[Date "2012.??.20"]
[Round "7.23"]
[White "Bladoszewski, Kamil"]
[Black "Okonek, Wojciech"]
[Result "1/2-1/2"]
[WhiteElo "1416"]
[BlackElo "1541"]
[PlyCount "84"]
[EventDate "2012.??.??"]

1. e4 e6 2. d4 d5 3. exd5 exd5 4. Bd3 Nf6 5. Bg5 Be7 6. Nf3 Bg4 7. Nbd2 O-O 8.
O-O c6 9. Bxf6 Bxf6 10. c3 Nd7 11. Qc2 h6 12. h3 Bxf3 13. Nxf3 Be7 14. Rfe1 Bd6
15. Re2 Re8 16. Rae1 Rxe2 17. Qxe2 Nf6 18. c4 Bb4 19. Rd1 Qe8 20. Qxe8+ Rxe8
21. a3 dxc4 22. Bxc4 Bd6 23. Kf1 Nd5 24. g3 g5 25. Rc1 f6 26. Rc2 Kg7 27. g4
Nf4 28. h4 Rd8 29. b4 Bc7 30. a4 a6 31. a5 Bb8 32. hxg5 hxg5 33. Rb2 Ba7 34.
Rc2 Rd6 35. Rd2 Nd5 36. Rb2 Rd7 37. Ke1 Nc3 38. Rd2 Re7+ 39. Kf1 Rd7 40. Rd3
Nd5 41. Rb3 Rd6 42. Rb2 Nf4 1/2-1/2

[Event "Miedzynarodowe Szachowe Lato w Poznaniu "]
[Site "Wyzsza Szkola Umiejetnosci Spo"]
[Date "2012.??.??"]
[Round "7.24"]
[White "Gajewski, Wojciech"]
[Black "Szymenderski, Michal"]
[Result "1/2-1/2"]
[WhiteElo "1491"]
[BlackElo "1540"]
[PlyCount "120"]
[EventDate "2012.??.??"]

1. d4 d5 2. c4 e6 3. Nc3 Nf6 4. cxd5 exd5 5. Bg5 Be7 6. e3 a6 7. Qc2 Nc6 8. a3
h6 9. Bh4 Bg4 10. f3 Bh5 11. Bd3 Qd7 12. Nge2 g5 13. Bf2 Rg8 14. Ng3 Bg6 15.
Nf5 h5 16. h3 Bd6 17. g4 h4 18. Qb3 Na5 19. Qc2 b6 20. O-O Kd8 21. Nxd6 Qxd6
22. e4 Qd7 23. Rae1 Nc6 24. e5 Ne8 25. Qd2 Bxd3 26. Qxd3 Rg6 27. f4 Kc8 28. f5
Rg8 29. Qf3 Kb8 30. Qxd5 Qxd5 31. Nxd5 Kb7 32. Nc3 Na5 33. Be3 Nc4 34. Bc1 Rd8
35. Rd1 c6 36. Ne4 Rd7 37. Nxg5 Nc7 38. e6 fxe6 39. fxe6 Re7 40. Rf7 Rge8 41.
Rxe7 Rxe7 42. Rf1 Re8 43. Rf7 Kc8 44. Bf4 Nd5 45. Ra7 Re7 46. Rxe7 Nxe7 47. Bc1
Nd5 48. Nf3 Kc7 49. Ne5 Na5 50. Bg5 Kd6 51. Bxh4 Kxe6 52. b4 Nb3 53. Nxc6 Kd6
54. Nb8 a5 55. bxa5 bxa5 56. Bg3+ Ke6 57. Nc6 a4 58. Be5 Nd2 59. Nd8+ Ke7 60.
Nb7 Ne4 1/2-1/2